000 00283nam a2200097Ia 4500
001 1101421
005 20250827003259.0
008 250824s9999 xx 000 0 und d
245 0 _a FESLEĞEN BİR OLANA MEFTUN O KIZIN HİKAYESİ
_cHİKMET ANIL ÖZTEKİN
260 _bDESTEK YAYINLARI
999 _c1101421
_d1101421